Fourth plan : mid- term appraisal : a summary (Record no. 496700)

000 -LEADER
fixed length control field 00343cam a22001097a 4500
008 - FIXED-LENGTH DATA ELEMENTS--GENERAL INFORMATION
fixed length control field 180718b1972 xxu||||| |||| 00| 0 eng d
082 ## - DEWEY DECIMAL CLASSIFICATION NUMBER
Classification number T000x54 69-74APP/Sum
245 ## - TITLE STATEMENT
Title Fourth plan : mid- term appraisal : a summary
Statement of responsibility, etc. by Planning Department
260 ## - PUBLICATION, DISTRIBUTION, ETC.
Place of publication, distribution, etc. Delhi
Name of publisher, distributor, etc. The Bengal Press
Date of publication, distribution, etc. 1972
300 ## - PHYSICAL DESCRIPTION
Extent 142p.
700 ## - ADDED ENTRY--PERSONAL NAME
Personal name India. Planning Department
Holdings
Withdrawn status Lost status Damaged status Not for loan Permanent Location Current Location Date acquired Full call number Barcode Date last seen Price effective from Koha item type
        Indian Institute of Public Administration Indian Institute of Public Administration 2018-08-04 T000x54 69-74APP/Sum G11269 2018-08-04 2018-08-04 G

Powered by Koha